书目信息 |
| 题名: |
笛子演奏技巧十讲
|
|
| 作者: | 赵松庭 编著 | |
| 分册: | ||
| 出版信息: | 北京 文化艺术出版社 2001 |
|
| 页数: | 141页 | |
| 开本: | 30cm | |
| 丛书名: | ||
| 单 册: | ||
| 中图分类: | J632.11 | |
| 科图分类: | ||
| 主题词: | CT--S013298--笛子 , CT--S009735--吹奏法 , 笛子--吹奏法 | |
| 电子资源: | ||
| ISBN: | 7-5039-1988-4 | |
| 000 | 01144nam0 2200337 450 | |
| 000 | 01107nam0 2200325 450 | |
| 000 | 01106nam0 2200337 450 | |
| 000 | 01052nam0 2200313 450 | |
| 000 | 01081nam0 2200301 450 | |
| 000 | 01044nam0 2200289 45 | |
| 001 | 012001030537 | |
| 005 | 20061216171922.50 | |
| 010 | @a7-5039-1988-4@dCNY32.00 | |
| 100 | @a20060829d2001 em y0chiy0110 ea | |
| 101 | 0 | @achi |
| 102 | @aCN@b110000 | |
| 105 | @ag z 000yy | |
| 200 | 1 | @a笛子演奏技巧十讲@Adi zi yan zou ji qiao shi jiang@f赵松庭编著 |
| 210 | @a北京@c文化艺术出版社@d2001 | |
| 215 | @a141页@d30cm | |
| 330 | @a本书共十讲。内容包括:竹笛的历史沿革和基本演奏方法;气功;气、指、舌结合训练;震、叠、赠、打及南方风格的演奏等。 | |
| 606 | 0 | @2CT@3S013298@a笛子 |
| 606 | 0 | @2CT@3S009735@a吹奏法 |
| 606 | 0 | @a笛子@x吹奏法 |
| 690 | @aJ632.11@v4 | |
| 701 | 0 | @a赵松庭@Azhao song ting@4编著 |
| 801 | 0 | @aCN@b中图数据@c20061216 |
| 905 | @a10447@dJ632.11@e45 | |
| 笛子演奏技巧十讲/赵松庭编著.-北京:文化艺术出版社,2001 |
| 141页;30cm |
| ISBN 7-5039-1988-4:CNY32.00 |
| 本书共十讲。内容包括:竹笛的历史沿革和基本演奏方法;气功;气、指、舌结合训练;震、叠、赠、打及南方风格的演奏等。 |
| ● |
| 相关链接 |
|
|
|
|
正题名:笛子演奏技巧十讲
索取号:J632.11/45
 
预约/预借
| 序号 | 登录号 | 条形码 | 馆藏地/架位号 | 状态 | 备注 |
| 1 | 0611256 | 206112561 | 第一样本阅览室/ [索取号:J632.11/45] | 在馆 | |
| 2 | 0611257 | 206112570 | 第一借阅区/ [索取号:J632.11/45] | 在馆 | |
| 3 | 0611258 | 206112589 | 第一借阅区/ [索取号:J632.11/45] | 在馆 | |
| 4 | 0611259 | 206112598 | 第一借阅区/ [索取号:J632.11/45] | 在馆 | |
| 5 | 0611260 | 206112605 | 第一借阅区/ [索取号:J632.11/45] | 在馆 | |
| 6 | 0611261 | 206112614 | 第一借阅区/ [索取号:J632.11/45] | 在馆 |